000 00712nam a2200229Ia 4500
003 GCL
008 140319s9999 xx 000 0 ara d
040 _aGCL /
_cGCL
082 0 4 _aق
_b962.064
_bج ح
100 1 _aجلال الدين الحمامصى
245 1 0 _aحوار وراء الاسوار /
_cجلال الدين الحمامصى
260 _a[S.N] :
_bالمكتب المصرى الحديث ،
_c1976
300 _a273 ص
490 _a
650 0 4 _aالعصر الحديث
650 0 4 _aمصر
650 0 4 _aالتاريخ الدستورى
650 0 4 _aالتاريخ الحديث
650 0 4 _aثورة 23 يوليو 1952
650 0 4 _aجمال عبدالناصر
942 _2ddc
_cBK
999 _c35046
_d35046